Movie Pattern Misfit II Quiz Stats

 Plays Quiz Updated Aug 13, 2019

Score 0/20 Timer 05:00
0 Plays Today
Question Answer Wrong Answers
Life of ____ Batman Returns
94.2%
Life of Brian
1.3%
Life of Pi
1.4%
The ____ Singer Happy Gilmore
93.4%
The Jazz Singer
1.7%
The Wedding Singer
1.8%
____ Mountain LA Confidential
89.1%
Brokeback Mountain
1.8%
Cold Mountain
6.1%
White ____ Moneyball
88.4%
White Chicks
3.3%
White Fang
3.9%
White Christmas
1.4%
____ Brown Elizabeth
87.7%
Jackie Brown
3.8%
Mrs. Brown
5.5%
Into the ____ The Devil Wears Prada
86.9%
Into the Woods
3.2%
Into the Wild
3.9%
Into the Forest
2.9%
Billy ____ Jimmy Neutron: Boy Genius
83.9%
Billy Madison
7.3%
Billy Elliot
5.7%
Double ____ Knocked Up
83.8%
Double Jeopardy
7.9%
Double Indemnity
5.2%
____ Girls The Girl with the Dragon Tattoo
83%
Mean Girls
1.7%
Beautiful Girls
12.2%
Doctor ____ Close Encounters of the Third Kind
82.3%
Doctor Strange
3.7%
Doctor Zhivago
8.6%
Doctor Dolittle
2.3%
____ Time Force Awakens
82.2%
Swing Time
6.4%
Melody Time
8.2%
Captain ____ A Few Good Men
81.7%
Captain Marvel
2.2%
Captain Fantastic
10.6%
Captain Phillips
2.4%
American ____ Dr. Strangelove
80.6%
American Sniper
2%
American Graffiti
9.1%
American Gangster
5.2%
Beverly Hills ____ Lethal Weapon
75.1%
Beverly Hills Ninja
13.3%
Beverly Hills Cop
3.6%
Beverly Hills Chihuahua
5%
____ Hours Disaster Artist
68.1%
127 Hours
4.2%
The Hours
10.8%
36 Hours
13.5%
____ Man Liar Liar
65.7%
Demolition Man
10.9%
Rain Man
2.6%
Yes Man
17.5%
On the ____ All Quiet on the Western Front
63.3%
On the Waterfront
12.3%
On the Road
21.1%
____ of New York Sideways
60.2%
Gangs of New York
4.4%
King of New York
11.3%
Sidewalks of New York
20.7%
____ of Glory Glory
57.3%
Paths of Glory
34.4%
Blades of Glory
5.3%
The Good ____ Monster's Ball
44.9%
The Good Shepherd
22.1%
The Good Dinosaur
9.9%
The Good Son
20%

You're not logged in!

Compare scores with friends on all Sporcle quizzes.
OR
Log In

Sporcle TV

Today on Sporcle TV


Watch our educational content, quiz creation guides, and fun videos on Sporcle TV.

Show Comments

Extras

Top Quizzes Today


Score Distribution

Your Account Isn't Verified!

In order to create a playlist on Sporcle, you need to verify the email address you used during registration. Go to your Sporcle Settings to finish the process.

Report this User

Report this user for behavior that violates our Community Guidelines.

Details: